00281nam a22001097a 4500008004100000020001500041082001700056100001500073245003500088260003900123300000900162230606b xxu||||| |||| 00| 0 eng d a9966443312 a346.022bHOD cR.W Hodgin aLaw of Contract in East Africa aNairobibklbc1975, 1982,1997,2006 a317p